00354nam a22001337a 4500003000400000005001700004008004100021020001500062040000800077100001900085245004200104250001100146260006300157OSt20160708111206.0160708b xxu||||| |||| 00| 0 eng d a0321093003 cN/A aMarius Richard aAshort guide to writing about history a4th ed aNew YorkbAddison -Wesley Educational Publishers Incc2001